| 000 | 00771nam a22002057a 4500 | ||
|---|---|---|---|
| 008 | 090313t xxu||||| |||| 00| 0 eng d | ||
| 010 | _aENG-93212 | ||
| 020 |
_a9788188038831 _c175.00 |
||
| 035 | _aEN-76745 | ||
| 037 | _bDBAD / PUB | ||
| 040 |
_adpl _bEnglish |
||
| 082 | _a338.47664 | ||
| 100 | _aMaria Doss, P. | ||
| 245 |
_aFood industry and world market / _cby P. Maria Doss |
||
| 260 |
_aChennai _bArumbu Publications _c2008 |
||
| 270 |
_a49, Taylores Road, Kilpauk, _bChennai _e600010 |
||
| 300 |
_a179p. _c21cm (pbk) |
||
| 942 |
_2ddc _cEN _mMAR _h338.47664 |
||
| 999 |
_c25189 _d25189 |
||